<?xml version="1.0" encoding="UTF-8"?>
<collection xmlns="http://www.loc.gov/MARC21/slim">
    <record>
        <controlfield tag="001">45746</controlfield>
        <controlfield tag="005">20170831220521.0</controlfield>
        <datafield tag="037" ind1=" " ind2=" ">
            <subfield code="a">GDOC-2010-1154</subfield>
        </datafield>
        <datafield tag="041" ind1=" " ind2=" ">
            <subfield code="a">spa</subfield>
        </datafield>
        <datafield tag="245" ind1="0" ind2="0">
            <subfield code="9">66511</subfield>
            <subfield code="a">Unidad y diversidad de la Literatura Hispanoamericana</subfield>
        </datafield>
        <datafield tag="260" ind1=" " ind2=" ">
            <subfield code="a">Zaragoza</subfield>
            <subfield code="b">Universidad de Zaragoza</subfield>
            <subfield code="c">2010-2011</subfield>
        </datafield>
        <datafield tag="520" ind1=" " ind2=" ">
            <subfield code="a">El estudiante, para superar esta asignatura, debe:  Asistir a las clases presenciales y participar activamente en ellas. Demostrar los conocimientos adquiridos en las clases presenciales y mediante el trabajo personal sobre los textos de referencia (tanto primarios como secundarios). Como consecuencia de lo anterior, manejar adecuadamente argumentos en favor y en contra de cada uno de los dos polos de la dialéctica “unidad-diversidad” aplicada a la literatura hispanoamericana. Demostrar su competencia para analizar críticamente textos nuevos que puedan hacer referencia a las cuestiones desarrolladas a lo largo del curso.  </subfield>
        </datafield>
        <datafield tag="521" ind1=" " ind2=" ">
            <subfield code="9">654</subfield>
            <subfield code="a">Máster Universitario en Estudios Hispánicos: Lengua y Literatura</subfield>
        </datafield>
        <datafield tag="540" ind1=" " ind2=" ">
            <subfield code="a">by-nc-sa</subfield>
            <subfield code="b">Creative Commons</subfield>
            <subfield code="c">3.0</subfield>
            <subfield code="u">http://creativecommons.org/licenses/by-nc-sa/3.0/</subfield>
        </datafield>
        <datafield tag="700" ind1=" " ind2=" ">
            <subfield code="0">(orcid)0000-0003-3433-1775</subfield>
            <subfield code="a">Mesa Gancedo, Daniel</subfield>
        </datafield>
        <datafield tag="830" ind1=" " ind2=" ">
            <subfield code="9">326</subfield>
        </datafield>
        <datafield tag="856" ind1="4" ind2=" ">
            <subfield code="s">102951</subfield>
            <subfield code="u">http://zaguan.unizar.es/record/45746/files/guia.pdf</subfield>
            <subfield code="y">Guía (idioma español)</subfield>
        </datafield>
        <datafield tag="980" ind1=" " ind2=" ">
            <subfield code="a">GDOC</subfield>
            <subfield code="b">Artes y humanidades</subfield>
            <subfield code="c">103</subfield>
        </datafield>
    </record>

    
</collection>